[Event "Moscow Tal Memorial 7th"]
[Site "Moscow"]
[Date "2012.06.12"]
[Round "4"]
[White "Carlsen, Magnus"]
[Black "Grischuk, Alexander"]
[Result "1/2-1/2"]
[WhiteElo "2835"]
[BlackElo "2761"]
[Annotator "Ramirez Alvarez,Alejandro"]
[PlyCount "80"]
[EventDate "2012.06.08"]
[EventType "tourn"]
[EventRounds "9"]
[EventCountry "RUS"]
[EventCategory "22"]
[SourceTitle "CBM 149"]
[Source "ChessBase"]
[SourceDate "2012.07.17"]
[SourceVersion "1"]
[SourceVersionDate "2012.07.17"]
[SourceQuality "1"]

1. e4 {Let's Check} e5 2. Nf3 Nc6 3. Bb5 a6 4. Ba4 Nf6 5. O-O Be7 6. d3 b5 7. Bb3 O-O 8. a4 b4 9. Nbd2 Bc5 {An interesting idea that was used by Adams against Hunt last year, and was picked up by Aronian who used it to beat Karjakin earlier this year in Wijk Aan Zee. The idea is that the bishop is out of the pawn chain, doing something productive.} ({RR} 9... d6 10. h3 Na5 11. Ba2 c5 12. Re1 Rb8 13. c3 Be6 14. Bxe6 fxe6 15. d4 exd4 16. cxd4 c4 17. d5 e5 18. Nf1 Nh5 19. Nxe5 dxe5 20. Qxh5 Bc5 21. Be3 Bd4 22. Re2 Qb6 23. Ng3 g6 24. Qh6 {Rasulov,V (2560)-Tatarinov,D (2338) chess.com INT 2024 1-0 (67)}) ({RR} 9... d6 10. a5 Be6 11. Nc4 Rb8 12. c3 bxc3 13. bxc3 Bg4 14. Ba4 Na7 15. Ne3 Be6 16. Ng5 Bd7 17. Bxd7 Nxd7 18. Nf3 Nc6 19. Nd5 Nc5 20. Be3 Nb3 21. Ra3 Nbxa5 22. Qa1 Rb5 23. c4 Rb3 24. Rxb3 {Grischuk,A (2715)-Bacrot,E (2695) Moscow 2007 1-0 (36)}) 10. Nc4 ({RR} 10. h3 d6 11. c3 Rb8 12. Re1 Re8 13. a5 Ba7 14. Nf1 Ne7 15. Ng3 Ng6 16. d4 h6 17. Bc2 c5 18. dxe5 dxe5 19. Bd3 Be6 20. Bxa6 c4 21. Ra4 Qc7 22. cxb4 Bxf2+ 23. Kxf2 Qa7+ 24. Be3 Qxa6 {Karjakin,S (2769)-Aronian,L (2805) Wijk aan Zee 2012 CBM 147 [Let's Check] 0-1 (42)}) 10... d6 11. Bg5 $146 {New. White immediately pins the knight which has no comfortable way of being defended.} ({RR} 11. h3 Be6 12. a5 Nd4 13. Ba2 Rb8 14. Be3 Nxf3+ 15. Qxf3 Nd7 16. Qg3 Bxe3 17. Qxe3 Rb5 18. Nd2 Bxa2 19. Rxa2 Nc5 20. Raa1 Ne6 21. Nc4 f6 22. Qd2 b3 23. Na3 Rb8 24. c3 d5 25. Rfd1 c6 {Sjugirov,S (2712)-Artemiev,V (2701) chess.com INT 2023 0-1 (36)}) ({RR} 11. Be3 Bxe3 12. fxe3 Be6 13. Qe1 a5 14. h3 Ne7 15. Nh4 Kh8 16. Rf3 Nd7 17. Nd2 Bxb3 18. Nxb3 g6 19. Qf2 f6 20. Rf1 c6 21. Nd2 d5 22. g4 Ng8 23. Qg3 Qe7 24. R3f2 Kg7 25. Nhf3 Rae8 {Areshchenko,A (2709)-Beliavsky,A (2628) Legnica 2013 ½-½ (47)}) 11... h6 12. Bh4 Bg4 13. Ne3 Bxf3 14. gxf3 $5 {This strange move hopes to capitalize on the light square weaknesses left by Black's next move.} (14. Qxf3 Nd4 15. Qd1 Nxb3 16. cxb3 g5 17. Bg3 {looks acceptable for Black.}) 14... g5 (14... Nd4 15. Ng4 Qc8 $5 {with a complex position.}) 15. Bg3 Nd4 16. Bc4 Nh5 17. c3 bxc3 18. bxc3 Ne6 19. Rb1 Nhg7 20. Bd5 Rc8 21. Kh1 Kh8 22. Rg1 Qf6 23. Bc4 a5 {White has some obvious drawbacks in his position. His bishop on g3 is slightly worse than useless and his pawn on f3 is permanently weak. However Black has his issues - a5 is weak, the g7 knight is not doing much and he lacks a clear plan.} 24. Rb5 h5 $5 {Trying to trap that bishop. This comes with a great amount of risk.} 25. Rxa5 (25. Bxe6 $1 {A surprising exchange that works due to very concrete reasons.} fxe6 (25... Nxe6 26. f4 $18 {h5 is hanging and with it the game.}) (25... Qxe6 26. Bxe5 {is a similar version of the trick but better for White since the f-file is still closed.}) 26. Bxe5 Qxe5 27. d4 Qf6 28. dxc5 {seems better for White.}) 25... h4 26. Ng4 Qe7 27. Qf1 {Black can't take the g3 bishop just yet, but he doesn't have to. It won't be saved any time soon.} Ra8 (27... Bb6 28. Rb5 Ra8 29. Qh3 Rxa4 30. Bxe6 Nxe6 31. f4 {is, as many lines, super messy. But Black is the one who has to be careful now.} exf4 $2 32. Bxh4 {and the rook swings to the attack and wins the game.}) 28. Rxc5 $1 {Another surprising move! Carlsen sacrifices the exchange for the following tactical reasons:} dxc5 (28... Nxc5 29. Bxh4 {is 'the point'} Nh5 $13 (29... gxh4 $2 30. Qc1 {and since the e6-knight was distracted to c5 by the rook sacrifice, the penetration on h6 is unavoidable and decisive.})) 29. Nxe5 (29. Bxe5 f6 {and the bishop is still trapped, though White has some resources ... like going back to g3!} 30. Bg3 (30. Bxe6 $1 Nxe6 31. Nxf6 Rxf6 32. f4 Nxf4 33. Rxg5 Kh7 34. Qd1 $1 {A superb resource.} Rg6 35. Rh5+ Nxh5 36. Qxh5+ $11 {and an unusual perepetual.}) 30... Nh5 31. Nh6 hxg3 32. fxg3 {White only has a few pawns for that rook, so It wouldn't be surprising that Black is winning, but Black has coordination and light square problems to fix first.}) 29... Qf6 30. Qh3 (30. f4 $5 {The idea is to block the f-file, allowing d7.} gxf4 31. Nd7 Qh6 32. Bxh4 Qxh4 33. Nxf8 Rxf8 34. Qg2 {White has obvious compensation for the missing piece, and probably a little bit more.}) 30... Rxa4 31. Bd5 (31. f4 Nxf4 32. Bxf4 Qxf4 33. Nf3 Rxc4 $1 34. dxc4 f6 {finally leads to material equality, and the position is quite complicated. Both structures are bad and it seems that the weak nature of both kings will result in a perpetual.}) 31... Ra6 32. Bc4 Rd6 33. f4 $1 {A well timed strike. Black must take with the knight, which means that the bishop on g3 is finally not hanging, and Black's pieces leave something to be desired.} Nxf4 34. Bxf4 Qxf4 35. Nf3 {Now Black can't really defend the g5-pawn.} Rg6 36. Rg4 Qc1+ 37. Rg1 Qf4 38. Rg4 Qc1+ 39. Rg1 Qf4 40. Rg4 Qc1+ {Neither side can improve their position beyond this repetition. Black must always be defending the g5 pawn and White can't give Black time to consolidate. A wild game, where every move is difficult to justify. Overall the players did a fantastic job of navigating through the treacherous waters and staying afloat. At no point was either side winning.} 1/2-1/2

[Event "Moscow Tal Memorial 7th"]
[Site "Moscow"]
[Date "2012.06.13"]
[Round "5"]
[White "Radjabov, Teimour"]
[Black "Carlsen, Magnus"]
[Result "0-1"]
[WhiteElo "2784"]
[BlackElo "2835"]
[Annotator "Mueller,Karsten"]
[PlyCount "118"]
[EventDate "2012.06.08"]
[EventType "tourn"]
[EventRounds "9"]
[EventCountry "RUS"]
[EventCategory "22"]
[SourceTitle "CBM 149"]
[Source "ChessBase"]
[SourceDate "2012.07.17"]
[SourceVersion "1"]
[SourceVersionDate "2012.07.17"]
[SourceQuality "1"]

{0-1 Kan,I-Capablanca,J Moscow 1936 In Capablanca's footsteps Magnus Carlsen really has an amazing endgame technique. His victory against Radjabov has remained many of Capablanca's famous win against Kan in Moscow 1936. I have only looked at the end in more detail but advise you to look at the whole game to see how Carlsen collected small advantages and always found a way to make progress towards his aim: Auf Capablancas Spuren Der folgende Endspielsieg erinnerte viele an eine berühmte Partie Capablancas:} 1. e4 e5 2. Nf3 Nc6 3. d4 exd4 4. Nxd4 Bc5 5. Nxc6 Qf6 6. Qf3 bxc6 7. Qg3 d6 8. Nc3 Qg6 9. Bd3 Nf6 10. Na4 Bd4 11. c3 Bb6 12. O-O Qxg3 13. hxg3 Ng4 14. Bf4 f6 15. Rad1 $146 ({RR} 15. Nxb6 axb6 16. f3 Ne5 17. Bxe5 dxe5 18. a4 Ke7 19. Kf2 Rd8 20. Ke3 c5 21. b4 cxb4 22. cxb4 Rd4 23. Rfc1 Rxb4 24. Rxc7+ Bd7 25. Rb7 Kd8 26. Rb1 Rxb1 27. Bxb1 Rxa4 28. Rxb6 Kc7 29. Rb3 Be6 {Yu,R (2516)-Zhang,Z (2634) China 2016 ½-½ (37)}) 15... h5 16. Be2 Be6 17. Nxb6 axb6 18. a3 Ke7 19. f3 Ne5 20. Kf2 b5 21. Bxe5 fxe5 22. Ke3 h4 23. gxh4 Rxh4 24. Rh1 Rah8 25. Rxh4 Rxh4 26. Rc1 Rh2 27. Kf2 Rh8 28. Ke3 g5 29. Bd3 Kd7 {[%cal Gd7c8,Gc8b7,Gb7b6,Gc6c5] The start of the first long king march to make ...c6-c5 possible. Der Beginn des ersten langen Königsmarschs, um ...c5 zu ermöglichen.} 30. Ra1 Bb3 31. Rc1 Kc8 32. Kf2 Kb7 33. Kg3 Be6 34. Ra1 Kb6 35. Rc1 c5 36. Ra1 c4 37. Bc2 Kc5 38. Re1 c6 39. Bb1 Kb6 40. Bc2 Kc7 {[%cal Gc7e7,Ge7f6,Gd6d5] Carlsen starts another march to make the advance ...d6-d5 possible. Carlsen beginnt einen weiteren langen Marsch, um ...d5 spielen zu können.} 41. Kf2 Kd7 42. a4 bxa4 43. Ra1 Rb8 44. Ra2 d5 45. exd5 cxd5 46. Bxa4+ Kd6 47. Bc2 d4 {Finally Carlsen has achieved want he wants. But White should be able to defend due to the reduced winning potential and the option to free his rook by bringing his king to the queenside. Carlsen hat sein Ziel erreicht. Weiß sollte sich allerdings gerade noch so über Wasser halten können.} 48. Be4 $1 {The bishop immediately uses its new outpost. Der Läufer nutzt seinen neuen Vorposten sofort.} Rb6 49. Ke2 {[%cal Ge2d2,Gd2c1] Now it is White's time to start a king march. Nun beginnt Weiß einen Königsmarsch.} g4 50. fxg4 $6 {This opens further roads for Black's attack. Dies öffnet dem schwarzen Angriff Zugstraßen.} (50. Kd2 {is safer as ist sicherer, denn auf} g3 {can be met by kann folgen} (50... Bd5 51. Kc1 d3 52. Ra5 d2+ 53. Kd1 Bxe4 54. fxe4 Rxb2 55. Rd5+ Ke6 56. Rc5 $11) (50... gxf3 51. gxf3 Bd7 52. Kc1 d3 53. Ra8 $11) (50... Ke7 51. Kc1 d3 52. Ra5 Kf6 53. fxg4 Bxg4 54. b4 cxb3 55. Bxd3 $11) 51. Kc1 Bh3 52. Ra8 Bxg2 53. Rg8 $11) 50... Bxg4+ 51. Kd2 Be6 52. Kc2 $2 {Radjabov commits the final mistake. Radjabov begeht den letzten Fehler.} ({At the press conference Carlsen gave the prophylactic Auf der Pressekonferenz gab Carlsen das prophylaktische} 52. Kc1 $1 {and also indicated what he had planned then: an:} Bd5 53. Bxd5 Kxd5 {but White seems to be able to survive due to the lare drawish tendency of rook endings, e.g. und Weiß kann sich wegen der großen Remistendenz der Turmendspiele gerade noch retten:} 54. cxd4 exd4 55. Ra8 Rg6 56. Re8 Rxg2 57. Re7 d3 58. Rb7 Kd4 59. Kd1 Ke3 60. Re7+ Kf2 61. Rf7+ Kg1 62. Rc7 Rc2 63. Rg7+ $11) 52... Bd5 53. Bxd5 ({Keeping the bishops on the board with Es hilft nicht, den Läufer mit} 53. Bg6 {does not help: auf dem Brett zu behalten:} d3+ 54. Kd2 Bxg2 55. Ke3 Bd5 56. Bh5 Kd7 {and the blockade will be broken sooner or later. A few sample lines run und die Blockade wird früher oder später gebrochen werden, z.B.} 57. Bd1 (57. Bg4+ Kc7 58. Ra5 Kd6 59. Ra2 Bc6 60. Bd1 Rb7 61. b4 cxb3 62. Rb2 e4 63. Kd4 (63. Rxb3 Rh7 $19) 63... Bd5 64. c4 Rb4 65. Bxb3 Bc6 66. Kc3 Rb8 67. Kd4 d2 $19) 57... Kc7 58. Ra5 Kd6 59. Ra2 Rb5 60. Bh5 (60. Ra6+ Kc5 61. Ra2 Bc6 62. Bg4 (62. Ba4 Rb7 63. Bxc6 Kxc6 64. Ra4 Kc5 65. Ra2 Rh7 66. Ra5+ Kd6 $19) 62... Rb8 63. Ra5+ Kd6 64. Ra2 Rg8 $19) 60... Kc5 61. Bg4 Bc6 62. Be6 e4 63. Bf7 (63. Ra4 Bd5 $19) 63... Rb7 64. Ra5+ Kb6 65. Rf5 Rd7 66. Bh5 Rg7 67. Kd4 Rg1 68. Kxc4 d2 69. Kd4 d1=Q+ 70. Bxd1 Rxd1+ $19) 53... d3+ $1 {An all important zwischenschach. Das entscheidende Zwischenschach.} ({The direct Das direkte} 53... Kxd5 $2 {spoils it due to verdirbt es wegen} 54. cxd4 exd4 55. Ra5+ Ke4 56. Ra8 {as Black's king has no hiding place, e.g. denn der schwarze König kann sich nicht verstecken, z.B.} d3+ 57. Kc3 Rb3+ 58. Kxc4 d2 59. Rd8 Rxb2 60. Kc3 $11) 54. Kd2 Kxd5 55. Ke3 Rg6 56. Ra5+ Ke6 57. Ke4 ({The pawn endgame is lost after Das Bauernendspiel ist verloren:} 57. Ra6+ Kf5 58. Rxg6 Kxg6 {due to White's backward b-pawn, e.g. Der weiße Bauer b2 kann nicht eingreifen.} 59. b4 cxb3 60. Kxd3 e4+ 61. Kxe4 b2 $19) (57. b3 Rg3+ 58. Ke4 Rg4+ 59. Ke3 Kf5 60. bxc4 Rg3+ 61. Kf2 (61. Kd2 Ke4 $19) 61... Kf4 62. Rd5 e4 63. c5 (63. Rd8 d2 64. Rf8+ Ke5 65. Rd8 Rd3 $19) 63... e3+ 64. Kf1 e2+ 65. Ke1 Ke4 66. Rh5 Rxg2 67. Kd2 Rg1 $19) (57. Kf2 Rf6+ 58. Ke3 (58. Ke1 e4 59. Rh5 e3 60. Rh3 e2 61. Rh1 Kf5 62. Kd2 Kg4 $19) 58... Rf1 $19) 57... Rg4+ 58. Kf3 Rf4+ 59. Ke3 Rf1 {and Radjabov resigned as Carlsen mighty passed pawns will decide the day, e.g. und Radjabov gab auf, weil Carlsens mächtige Freibauern den Tag entscheiden werden, z.B.} (59... Rf1 60. g4 Re1+ 61. Kd2 Re2+ 62. Kd1 e4 63. Rc5 Rxb2 64. Rxc4 Ke5 65. g5 e3 $19) 0-1

[Event "Moscow Tal Memorial 7th"]
[Site "Moscow"]
[Date "2012.06.14"]
[Round "6"]
[White "Carlsen, Magnus"]
[Black "Aronian, Levon"]
[Result "1/2-1/2"]
[WhiteElo "2835"]
[BlackElo "2825"]
[Annotator "Kritz,Leonid"]
[PlyCount "120"]
[EventDate "2012.06.08"]
[EventType "tourn"]
[EventRounds "9"]
[EventCountry "RUS"]
[EventCategory "22"]
[SourceTitle "CBM 149"]
[Source "ChessBase"]
[SourceDate "2012.07.17"]
[SourceVersion "1"]
[SourceVersionDate "2012.07.17"]
[SourceQuality "1"]

1. e4 e5 2. Nf3 Nc6 3. Bb5 Nf6 4. O-O Nxe4 5. d4 Nd6 6. Bxc6 dxc6 7. dxe5 Nf5 8. Qxd8+ Kxd8 9. Nc3 Ke8 10. b3 Be6 {In dieser Stellung ist auch der von Kramnik gespielte Zug b4 gut:} (10... Bb4 $1 11. Bb2 Bxc3 12. Bxc3 c5 13. Rad1 h6 14. h3 Be6 $132 {und Schwarz stand zumindest nicht schlechter in Howell - Kramnik (London, 2002)}) (10... a5 {Das ist ebenfalls eine spielbare Initiative.} 11. Bb2 Bb4 12. Rad1 Bxc3 13. Bxc3 c5 14. h3 h5 15. Rfe1 b6 16. Ng5 Rh6 17. f4 h4 $132 {Solomon - Pashikian (Khanty-Mansiysk, 2010)}) 11. Bb2 Bb4 ({RR} 11... Rd8 12. Rad1 Be7 13. Rxd8+ Kxd8 14. Rd1+ Kc8 15. Ne4 Bd5 16. Ng3 Nxg3 17. hxg3 Rd8 18. c4 Be4 19. Rxd8+ Kxd8 20. Nd2 Bd3 21. Bd4 Bb4 22. Be3 Bc3 23. c5 Bxe5 24. Nf3 Bf6 25. g4 h6 26. g5 {Padalka,A (2177)-Medeiros,F (2067) chess.com INT 2023 0-1 (48)}) 12. Ne2 (12. Rfd1 Bxc3 13. Bxc3 c5 14. Rd2 h6 $132 {mit gleichem Spiel wie nach 10...b4, Fogarasi - Almasi (Hungary, 1995)}) 12... Bd5 13. Ne1 (13. Ned4 Nxd4 14. Nxd4 Rd8 15. Rad1 Bc5 16. Nf5 Be4 17. Rxd8+ Kxd8 18. Nxg7 Ke7 19. Re1 $132 {Guseinov - Pashikian (Ohrid, 2009)}) 13... h5 $146 {Es sieht so aus, als ob Schwarz hier mit 13....d8 ausgleichen konnte:} (13... Rd8 14. Nd3 Be7 15. Rad1 Be4 16. Rfe1 Bxd3 17. cxd3 c5 $11) ({RR} 13... Be4 14. f3 Bc5+ 15. Kh1 Bd5 16. Nd3 Bb6 17. Nef4 Rd8 18. Rfe1 Be6 19. Nh5 Rg8 20. Ndf4 Ne3 21. Rac1 Rd2 22. Re2 Rd1+ 23. Rxd1 Nxd1 24. Ba1 Ke7 25. Nxe6 fxe6 26. h4 g6 27. Nf6 Rd8 28. Ne4 {Nisipeanu,L (2648)-Cheparinov,I (2689) Burgas 2012 ½-½ (41)}) 14. Nd3 Be7 15. Nef4 Rh6 (15... g5 $5 16. c4 $1 (16. Nxd5 cxd5 17. e6 Rh6 18. exf7+ Kxf7 19. f4 g4 20. Rfe1 Bd6 $11) 16... Be6 17. Nxe6 fxe6 18. Rad1 Rd8 $11) 16. c4 Be4 (16... Be6 17. g3 $1 (17. h3 h4 $11) 17... g5 18. Nxe6 Rxe6 19. h3 $14 {Weiß will g2-g4 spielen.}) 17. Rad1 (17. Rfe1 Bxd3 18. Nxd3 Rd8 19. Rad1 c5 20. Nf4 Ra6 21. Rxd8+ Bxd8 22. Ra1 (22. a4 Rb6 $15) 22... h4 $11) 17... g5 18. Rfe1 Bxd3 19. Nxd3 {Die Partie verlief bisher nicht ganz typisch für die Berliner Mauer, jetzt wird es sogar noch interessanter.} b5 $6 {Ich denke nicht, dass dieser Zug gut sein kann. Die einzige Idee von b5 ist auf c4 zu nehmen, dann ...c5 zu spielen, und danach ...a6. Weiß hat jedoch viele Wege, um dies zu verhindern.} 20. c5 (20. Re4 $5 {Das sieht sehr logisch aus.} Rd8 21. Kf1 $14) 20... Ng7 {Der Springer geht nach g7, um den Bauern c5 von e6 aus anzugreifen.} 21. b4 (21. Bc3 $5 a5 22. a3 Ne6 23. b4 axb4 24. axb4 Ra3 25. Bb2 Ra2 26. Ra1 Rxa1 27. Rxa1 $14) 21... a5 22. a3 Ne6 23. g3 (23. f3 $5 {Mit der Idee f2-g3-e3-f4.} Rd8 24. Kf2 $14) 23... g4 {Nun ist es nicht mehr so einfach für Weiß f2-f4 durchzuführen.} 24. Kg2 Rg6 25. Nf4 Rg5 (25... Nxf4+ 26. gxf4 axb4 27. axb4 Ra2 28. Re2 $14 {Die Idee f5 und danach f3 ist sehr unangenehm für Schwarz.}) 26. Bc1 (26. Nxe6 fxe6 $11 {Dieses Endspiel ist remis, weil Schwarz gutes Gegenspiel am Damenflügel hat.}) 26... Rf5 27. h3 gxh3+ (27... axb4 $5 28. hxg4 hxg4 29. axb4 Ra2 $6 30. Rh1 $1 {Das ist sehr stark.} Rxe5 31. Nxe6 Rxe6 (31... fxe6 32. Rh8+ Kf7 33. Rd7 $18) 32. Rh8+ Bf8 33. Bf4 $16) 28. Nxh3 axb4 29. axb4 Ra4 {Schwarz hat gewisses Gegenspiel, doch die Stellung von Weiß sieht besser aus.} 30. Bd2 Ra3 (30... Nd4 31. f4 Nc2 32. Re4 $14) 31. f4 $1 {Schwarz bekommt eine starke Initiative nach 31.f4.} (31. Nf4 h4 $1 32. Nxe6 fxe6 33. g4 h3+ 34. Kg1 Rff3 35. Re3 Bh4 $36) 31... h4 32. Re3 Rxe3 $5 {Es sieht so aus, als ob Weiß in Vorteil kommt, doch Schwarz spielt sehr dynamisch und gleicht die Stellung aus. Auch 32...a2 war interessant.} (32... Ra2 $1 33. g4 (33. Kf3 hxg3 34. Kg4 Ng7 35. Rxg3 Rh5 36. Nf2 Rh4+ 37. Kf3 Nf5 38. Rg8+ Kd7 $1 $11) 33... Rxf4 34. Nxf4 Bg5 $1 35. Kf3 Bxf4 36. Rd3 Bxd2 37. R1xd2 Ra1 38. Rd1 Ra2 39. Rh1 Rb2 40. Rxh4 Rxb4 $44 {Schwarz hat ausgezeichnete Kompensation.}) 33. Bxe3 hxg3 34. Kxg3 {Das Problem für Schwarz ist, dass er nicht genug Gegenspiel besitzt und nur passiv warten kann.} Rh5 35. Bf2 (35. Kg4 $2 Rh4+ 36. Kg3 Ng7 $11 {Wenn die weißen Bauern mit dem Springer blockiert sind, kann Weiß kaum durchbrechen.}) 35... f5 (35... Ng7 36. Kg4 $14 {und Schwarz schafft es nicht, den Springer nach f5 zu stellen.}) 36. exf6 (36. Be3 Rh7 37. Ng1 Rg7+ 38. Kf3 Rh7 39. Ne2 Rh3+ 40. Ng3 Bh4 $11) 36... Bxf6 37. Kg4 Rxh3 {Das sieht verdächtig aus, obwohl, es kann sein, dass das Endspiel remis ist.} (37... Rd5 $5 38. Re1 (38. Rxd5 cxd5 39. Kf5 Kf7 40. Ng5+ Nxg5 41. fxg5 Bc3 $11) 38... Kd7 $11 {Es sieht so aus, dass Schwarz die Stellung halten kann.}) 38. Kxh3 Nxf4+ 39. Kg4 Nd5 {Das Problem für Weiß ist, dass er die Läufer tauschen muss, weil der Bauer b4 schwach ist. Sonst, mit den Läufern, wäre das Endspiel sicherlich gewonnen.} 40. Bd4 (40. Rb1 Bc3 41. Be1 {Das ist der einzige Zug, um den Bauern zu halten.} Bxe1 42. Rxe1+ Kd7 43. Re4 (43. Rb1 Ke6 44. Kf3 Ke5 $15 {Der König kommt nach c4 und Weiß verliert beide Bauern.}) 43... Nf6+ 44. Kf5 Nxe4 45. Kxe4 Ke6 $11) 40... Kf7 (40... Bxd4 41. Rxd4 Kd7 {führt zum selben Endspiel wie in der Partie.}) 41. Kf5 Ne7+ 42. Ke4 Bxd4 43. Kxd4 Ke6 44. Re1+ Kd7 45. Ke5 Nd5 46. Re4 (46. Rd1 Kc8 47. Rxd5 $5 {Es sieht so aus, als ob Weiß eine Chance hätte, doch auch das Bauernendspiel ist remis.} cxd5 48. Kxd5 Kd7 49. c6+ Ke7 50. Ke5 Kf7 51. Kd5 Ke7 52. Kc5 Ke6 53. Kxb5 Kd5 54. Ka6 Kxc6 55. b5+ Kc5 56. Kb7 Kxb5 57. Kxc7 $11) 46... Kc8 47. Ke6 Nc3 48. Rh4 Nd5 49. Rd4 Kd8 $1 ({Nach} 49... Kb7 $2 {ist das Bauernendspiel gewonnen!} 50. Rxd5 $1 cxd5 51. Kxd5 Kc8 (51... c6+ 52. Kd6 $18) 52. Kc6 Kd8 53. Kb7 Kd7 54. Kb8 Kc6 (54... Kd8 55. c6 $18) 55. Kc8 Kd5 56. Kxc7 Kc4 57. c6 Kxb4 58. Kd6 Ka3 59. c7 b4 60. c8=Q $18) 50. Rg4 Kc8 51. Rh4 Kb7 52. Kd7 (52. Rd4 Kc8 $1 53. Rxd5 cxd5 54. Kxd5 Kd7 $11) 52... Nf6+ 53. Kd8 Nd5 54. Rg4 (54. Rh7 Kb8 55. Rg7 Kb7 56. Rg4 { siehe die Partie.}) 54... Kb8 55. Rd4 Kb7 {Weiß kann keine Fortschritte machen.} 56. Kd7 Nc3 57. Ke6 Kc8 58. Rd3 Nd5 59. Rd4 Nc3 60. Rd3 Nd5 1/2-1/2